[Event "POL-chT 2 Liga 2019"]
[Site "Poronin"]
[Date "2019.09.10"]
[Round "4.51"]
[White "Bajerlein, Dawid"]
[Black "Komendecki, Jacek"]
[Result "1-0"]
[WhiteElo "2035"]
[BlackElo "2073"]
[Annotator "NA"]
[PlyCount "131"]
[EventDate "2019.09.07"]
[EventType "team-tourn"]
[EventCountry "POL"]
[SourceTitle "playchess.com"]
[Source "ChessBase"]
[SourceQuality "1"]
[TimeControl "40/5400+30:1800+30"]

1. d4 {[%emt 0:00:00]} Nf6 {[%emt 0:00:00]} 2. c4 {[%emt 0:00:00]} e6 {[%emt 0:00:00]} 3. Nc3 {[%emt 0:00:04]} Bb4 {[%emt 0:00:03]} 4. Qc2 {[%emt 0:00:06]} Nc6 {[%emt 0:00:18]} 5. Nf3 {[%emt 0:09:37]} d6 {[%emt 0:00:23]} 6. a3 {[%emt 0:07:32]} Bxc3+ {[%emt 0:00:13]} 7. Qxc3 {[%emt 0:00:03]} O-O {[%emt 0:00:19]} 8. b4 {[%emt 0:15:10]} e5 {[%emt 0:02:31]} 9. dxe5 {[%emt 0:07:33]} Ne4 {[%emt 0:01:16]} 10. Qb3 {[%emt 0:16:20]} a5 {[%emt 0:00:29]} 11. Bb2 {[%emt 0:05:15]} axb4 {[%emt 0:00:09]} 12. axb4 {[%emt 0:00:10]} Rxa1+ {[%emt 0:00:07]} 13. Bxa1 {[%emt 0:00:05]} Nxe5 {[%emt 0:00:07]} 14. Qb2 {[%emt 0:26:21]} Re8 {[%emt 1:01:12]} 15. e3 {[%emt 0:00:29]} Nxf3+ {[%emt 0:00:38]} 16. gxf3 {[%emt 0:00:02]} Nf6 {[%emt 0:00:01]} 17. Rg1 {[%emt 0:02:27]} Kh8 {[%emt 0:02:08]} 18. Bd3 {[%emt 0:00:51]} Re5 {[%emt 0:07:24]} 19. Qd4 {[%emt 0:01:14]} Bf5 {[%emt 0:11:37]} 20. f4 {[%emt 0:03:25]} c5 {[%emt 0:00:09]} 21. bxc5 {[%emt 0:00:17]} Rxc5 {[%emt 0:00:13]} 22. e4 {[%emt 0:01:03]} Bg6 {[%emt 0:04:55]} 23. f5 {[%emt 0:00:57]} Bh5 24. f4 {[%emt 0:00:21]} Qe7 {[%emt 0:04:19]} 25. Kf2 {[%emt 0:00:08]} Ra5 {[%emt 0:01:01]} 26. Bb2 {[%emt 0:01:40]} h6 {[%emt 0:01:21]} 27. h3 {[%emt 0:00:32]} Ra2 {[%emt 0:01:06]} 28. Ra1 {[%emt 0:00:58]} Rxa1 {[%emt 0:00:24]} 29. Bxa1 {[%emt 0:00:02]} Ne8 {[%emt 0:01:01]} 30. Kg3 {[%emt 0:00:22]} f6 {[%emt 0:00:51]} 31. Bc3 {[%emt 0:00:37]} g5 {[%emt 0:00:26]} 32. fxg6 {[%emt 0:00:45]} Bxg6 {[%emt 0:00:02]} 33. Bb4 {[%emt 0:00:59]} Bh5 {[%emt 0:00:33]} 34. Qd5 {[%emt 0:00:24]} Bf7 {[%emt 0:01:04]} 35. Qd4 {[%emt 0:00:35]} Bh5 {[%emt 0:00:11]} 36. Qd5 {[%emt 0:00:04]} Bf7 {[%emt 0:00:04]} 37. Qf5 {[%emt 0:01:12]} Qe6 {[%emt 0:00:51]} 38. Qb5 {[%emt 0:00:26]} Qe7 {[%emt 0:00:37]} 39. Qb6 {[%emt 0:00:32]} Bh5 {[%emt 0:00:38]} 40. Qe3 {[%emt 0:00:00]} Qg7+ {[%emt 0:00:00]} 41. Kf2 {[%emt 0:01:26]} Qd7 {[%emt 0:06:31]} 42. e5 {[%emt 0:11:37]} dxe5 {[%emt 0:20:12]} 43. fxe5 {[%emt 0:00:31]} Kg7 {[%emt 0:00:33]} 44. Bd2 {[%emt 0:08:33]} Kg8 {[%emt 0:01:20]} 45. Be4 {[%emt 0:05:55]} fxe5 {[%emt 0:01:59]} 46. Qxh6 {[%emt 0:00:15]} Qf7+ {[%emt 0:01:00]} 47. Ke1 {[%emt 0:01:24]} Nf6 {[%emt 0:00:12]} 48. Qg5+ {[%emt 0:01:47]} Qg7 {[%emt 0:00:07]} 49. Bxb7 {[%emt 0:00:34]} Qxg5 {[%emt 0:00:40]} 50. Bxg5 {[%emt 0:00:02]} Ne8 {[%emt 0:00:34]} 51. c5 {[%emt 0:01:00]} Bf7 {[%emt 0:00:34]} 52. Bd8 {[%emt 0:00:57]} Kg7 {[%emt 0:01:28]} 53. Bc8 {[%emt 0:01:06]} Bd5 {[%emt 0:01:19]} 54. Bd7 {[%emt 0:00:46]} Nf6 {[%emt 0:00:10]} 55. c6 {[%emt 0:00:15]} Kf7 {[%emt 0:01:04]} 56. c7 {[%emt 0:00:26]} Bb7 {[%emt 0:00:15]} 57. c8=Q {[%emt 0:00:32]} Bxc8 {[%emt 0:00:04]} 58. Bxc8 {[%emt 0:00:03]} Nd5 {[%emt 0:00:35]} 59. Kf2 {[%emt 0:01:07]} Kg6 {[%emt 0:00:19]} 60. Kf3 {[%emt 0:00:34]} Nf6 {[%emt 0:00:52]} 61. Ba5 {[%emt 0:01:49]} Kg5 {[%emt 0:00:50]} 62. Bd8 {[%emt 0:00:19]} Kg6 {[%emt 0:00:10]} 63. Bg4 {[%emt 0:00:27]} Ne8 {[%emt 0:01:25]} 64. Be7 {[%emt 0:00:38]} Kf7 {[%emt 0:00:14]} 65. Ba3 {[%emt 0:00:27]} Kf6 {[%emt 0:00:07]} 66. Ke4 {[%emt 0:00:40]} 1-0

[Event "POL-chT 2 Liga 2019"]
[Site "Poronin"]
[Date "2019.09.10"]
[Round "4.52"]
[White "Kowalak, Piotr"]
[Black "Bernat, Marcin"]
[Result "1-0"]
[WhiteElo "2108"]
[BlackElo "2023"]
[Annotator "NA"]
[PlyCount "62"]
[EventDate "2019.09.07"]
[EventType "team-tourn"]
[EventCountry "POL"]
[SourceTitle "playchess.com"]
[Source "ChessBase"]
[SourceQuality "1"]
[TimeControl "40/5400+30:1800+30"]

1. e4 {[%emt 0:00:00]} e6 {[%emt 0:00:00]} 2. d4 {[%emt 0:00:00]} d5 {[%emt 0:00:00]} 3. Bd3 {[%emt 0:00:02]} dxe4 {[%emt 0:00:07]} 4. Bxe4 {[%emt 0:00:08]} Nf6 {[%emt 0:00:07]} 5. Bf3 {[%emt 0:00:14]} c5 {[%emt 0:01:46]} 6. Ne2 {[%emt 0:00:15]} Nc6 {[%emt 0:00:37]} 7. Be3 {[%emt 0:00:22]} cxd4 {[%emt 0:17:01]} 8. Nxd4 {[%emt 0:00:55]} Nxd4 {[%emt 0:01:33]} 9. Bxd4 {[%emt 0:01:16]} Be7 {[%emt 0:02:16]} 10. O-O {[%emt 0:00:46]} O-O {[%emt 0:00:20]} 11. Nc3 {[%emt 0:01:17]} Qa5 {[%emt 0:01:49]} 12. Qe2 {[%emt 0:01:49]} Nd7 {[%emt 0:14:30]} 13. Rfd1 {[%emt 0:13:18]} Bf6 {[%emt 0:03:44]} 14. Nb5 {[%emt 0:07:31]} a6 {[%emt 0:06:06]} 15. Nd6 {[%emt 0:02:53]} Qc7 {[%emt 0:02:21]} 16. Bxf6 {[%emt 0:09:54]} Nxf6 {[%emt 0:04:02]} 17. Rd3 {[%emt 0:00:25]} Rb8 {[%emt 0:08:00]} 18. c4 {[%emt 0:09:53]} b6 {[%emt 0:13:11]} 19. b3 {[%emt 0:11:18]} Bd7 {[%emt 0:03:39]} 20. Ne4 {[%emt 0:03:21]} Nxe4 {[%emt 0:00:21]} 21. Qxe4 {[%emt 0:02:19]} e5 {[%emt 0:06:27]} 22. Rad1 {[%emt 0:03:27]} Be6 {[%emt 0:00:27]} 23. Qc6 {[%emt 0:09:16]} Qxc6 {[%emt 0:02:15]} 24. Bxc6 {[%emt 0:00:02]} a5 {[%emt 0:00:06]} 25. Rd6 {[%emt 0:01:08]} Bf5 {[%emt 0:05:35]} 26. f3 {[%emt 0:03:53]} h5 {[%emt 0:00:02]} 27. h4 {[%emt 0:02:42]} Rfc8 {[%emt 0:00:31]} 28. R1d5 {[%emt 0:04:00]} f6 {[%emt 0:00:35]} 29. Rb5 {[%emt 0:02:38]} Bb1 {[%emt 0:01:50]} 30. a3 {[%emt 0:00:20]} Ba2 {[%emt 0:01:12]} 31. a4 {[%emt 0:03:10]} g6 {[%emt 0:01:43]} 1-0

[Event "POL-chT 2 Liga 2019"]
[Site "Poronin"]
[Date "2019.09.10"]
[Round "4.53"]
[White "Glatty, Zbigniew"]
[Black "Krawiec, Grzegorz"]
[Result "1/2-1/2"]
[WhiteElo "1845"]
[BlackElo "1792"]
[Annotator "NA"]
[PlyCount "58"]
[EventDate "2019.09.07"]
[EventType "team-tourn"]
[EventCountry "POL"]
[SourceTitle "playchess.com"]
[Source "ChessBase"]
[SourceQuality "1"]
[TimeControl "40/5400+30:1800+30"]

1. e4 {[%emt 0:00:00]} c5 {[%emt 0:00:00]} 2. Nf3 {[%emt 0:00:00]} Nc6 {[%emt 0:00:15]} 3. d4 {[%emt 0:00:00]} cxd4 {[%emt 0:00:03]} 4. Nxd4 {[%emt 0:00:00]} e5 {[%emt 0:00:06]} 5. Nb5 {[%emt 0:00:03]} a6 {[%emt 0:00:05]} 6. Nd6+ {[%emt 0:00:09]} Bxd6 {[%emt 0:00:03]} 7. Qxd6 {[%emt 0:00:08]} Qf6 {[%emt 0:00:03]} 8. Qxf6 {[%emt 0:00:11]} Nxf6 {[%emt 0:00:05]} 9. Nc3 {[%emt 0:00:12]} d5 {[%emt 0:00:37]} 10. exd5 {[%emt 0:00:14]} Nb4 {[%emt 0:00:07]} 11. Bd3 {[%emt 0:00:17]} Nxd3+ {[%emt 0:00:03]} 12. cxd3 {[%emt 0:00:13]} Bf5 {[%emt 0:00:02]} 13. Bg5 {[%emt 0:16:21]} Bxd3 {[%emt 0:00:19]} 14. O-O-O {[%emt 0:02:15]} Bg6 {[%emt 0:02:41]} 15. Rhe1 {[%emt 0:01:59]} Nd7 {[%emt 0:00:18]} 16. f3 {[%emt 0:23:06]} f6 {[%emt 0:02:59]} 17. Be3 {[%emt 0:04:41]} Rc8 {[%emt 0:01:52]} 18. Kd2 {[%emt 0:07:45]} O-O {[%emt 0:32:51]} 19. Ne4 {[%emt 0:03:20]} Rc4 {[%emt 0:09:36]} 20. Rc1 {[%emt 0:04:33]} Rfc8 {[%emt 0:18:44]} 21. Rxc4 {[%emt 0:08:33]} Rxc4 {[%emt 0:00:10]} 22. Rc1 {[%emt 0:00:37]} Rxc1 {[%emt 0:03:54]} 23. Kxc1 {[%emt 0:00:02]} Bf7 {[%emt 0:00:12]} 24. Nc3 {[%emt 0:00:52]} Kf8 {[%emt 0:01:07]} 25. b4 {[%emt 0:05:44]} b6 {[%emt 0:03:23]} 26. d6 {[%emt 0:05:48]} Bc4 {[%emt 0:04:52]} 27. a3 {[%emt 0:01:09]} Kf7 {[%emt 0:00:44]} 28. Na4 {[%emt 0:00:49]} Ke6 {[%emt 0:00:17]} 29. Nxb6 {[%emt 0:02:47]} Nxb6 {[%emt 0:00:04]} 1/2-1/2

[Event "POL-chT 2 Liga 2019"]
[Site "Poronin"]
[Date "2019.09.10"]
[Round "4.54"]
[White "Karykowska, Anna"]
[Black "Kupsik, Joanna"]
[Result "1-0"]
[WhiteElo "1895"]
[BlackElo "1732"]
[Annotator "NA"]
[PlyCount "63"]
[EventDate "2019.09.07"]
[EventType "team-tourn"]
[EventCountry "POL"]
[SourceTitle "playchess.com"]
[Source "ChessBase"]
[SourceQuality "1"]
[TimeControl "40/5400+30:1800+30"]

1. e4 {[%emt 0:00:00]} c5 {[%emt 0:00:00]} 2. Nf3 {[%emt 0:00:00]} a6 {[%emt 0:00:00]} 3. Nc3 {[%emt 0:00:00]} Nc6 {[%emt 0:00:08]} 4. d4 {[%emt 0:00:47]} cxd4 {[%emt 0:00:24]} 5. Nxd4 {[%emt 0:00:23]} e5 {[%emt 0:04:28]} 6. Nf5 {[%emt 0:13:39]} d6 {[%emt 0:01:00]} 7. Ne3 {[%emt 0:05:32]} Nf6 {[%emt 0:00:24]} 8. a4 {[%emt 0:07:05]} Be6 {[%emt 0:00:53]} 9. Ned5 {[%emt 0:04:54]} Bxd5 {[%emt 0:03:24]} 10. exd5 {[%emt 0:00:21]} Ne7 {[%emt 0:02:30]} 11. a5 {[%emt 0:02:01]} Rc8 {[%emt 0:01:21]} 12. Be3 {[%emt 0:02:11]} Nd7 {[%emt 0:06:24]} 13. Bd3 {[%emt 0:04:42]} Ng6 {[%emt 0:01:22]} 14. O-O {[%emt 0:02:35]} Be7 {[%emt 0:00:29]} 15. Bf5 {[%emt 0:02:15]} O-O {[%emt 0:02:14]} 16. Na4 {[%emt 0:02:23]} Rb8 {[%emt 0:13:12]} 17. Nb6 {[%emt 0:02:12]} Nxb6 {[%emt 0:06:47]} 18. Bxb6 {[%emt 0:00:06]} Qe8 {[%emt 0:00:05]} 19. Bc7 {[%emt 0:04:50]} Ra8 {[%emt 0:01:02]} 20. Qg4 {[%emt 0:01:41]} Qb5 {[%emt 0:02:51]} 21. c4 {[%emt 0:02:21]} Qb4 {[%emt 0:02:46]} 22. Bxg6 {[%emt 0:07:02]} hxg6 {[%emt 0:00:51]} 23. Qd7 {[%emt 0:01:24]} Rfe8 {[%emt 0:02:31]} 24. Rac1 {[%emt 0:04:18]} Rac8 {[%emt 0:08:46]} 25. c5 {[%emt 0:06:28]} dxc5 {[%emt 0:06:22]} 26. d6 {[%emt 0:02:29]} Bf6 {[%emt 0:03:25]} 27. Bb6 {[%emt 0:02:26]} c4 {[%emt 0:04:22]} 28. Rfd1 {[%emt 0:02:20]} Rb8 {[%emt 0:01:11]} 29. Qg4 {[%emt 0:01:19]} Bd8 {[%emt 0:06:51]} 30. Rxc4 {[%emt 0:01:08]} Qb5 {[%emt 0:04:04]} 31. d7 {[%emt 0:01:53]} Re6 {[%emt 0:01:04]} 32. Rc8 {[%emt 0:00:55]} 1-0

[Event "POL-chT 2 Liga 2019"]
[Site "Poronin"]
[Date "2019.09.11"]
[Round "5.1"]
[White "Oglaza, Oskar"]
[Black "Lewicki, Miroslaw"]
[Result "1/2-1/2"]
[WhiteElo "2351"]
[BlackElo "2351"]
[Annotator "NA"]
[PlyCount "62"]
[EventDate "2019.09.07"]
[EventType "team-tourn"]
[EventCountry "POL"]
[SourceTitle "playchess.com"]
[Source "ChessBase"]
[SourceQuality "1"]
[TimeControl "40/5400+30:1800+30"]

1. e4 {[%emt 0:00:00]} c5 {[%emt 0:00:00]} 2. Nf3 {[%emt 0:00:00]} d6 {[%emt 0:00:35]} 3. d4 {[%emt 0:00:00]} cxd4 {[%emt 0:00:04]} 4. Nxd4 {[%emt 0:00:00]} Nf6 {[%emt 0:00:07]} 5. Nc3 {[%emt 0:00:00]} a6 {[%emt 0:00:08]} 6. Bc4 {[%emt 0:00:00]} g6 {[%emt 0:01:42]} 7. Bb3 {[%emt 0:05:43]} Bg7 {[%emt 0:00:07]} 8. f3 {[%emt 0:00:57]} Nc6 {[%emt 0:02:31]} 9. Be3 {[%emt 0:00:17]} Qc7 {[%emt 0:01:32]} 10. Qd2 {[%emt 0:04:14]} Na5 {[%emt 0:05:06]} 11. O-O-O {[%emt 0:05:53]} Bd7 {[%emt 0:04:42]} 12. Bg5 {[%emt 0:11:06]} Nxb3+ {[%emt 0:01:26]} 13. Nxb3 {[%emt 0:11:13]} Bc6 {[%emt 0:00:39]} 14. Bh6 {[%emt 0:00:36]} Bxh6 {[%emt 0:02:45]} 15. Qxh6 {[%emt 0:00:05]} O-O-O {[%emt 0:00:07]} 16. Nd4 {[%emt 0:06:26]} Kb8 {[%emt 0:01:05]} 17. Qe3 {[%emt 0:12:16]} Rhe8 {[%emt 0:08:02]} 18. Nxc6+ {[%emt 0:06:54]} Qxc6 {[%emt 0:00:40]} 19. Rhe1 {[%emt 0:04:33]} Rc8 {[%emt 0:03:12]} 20. e5 {[%emt 0:01:22]} dxe5 {[%emt 0:00:36]} 21. Qxe5+ {[%emt 0:00:03]} Qc7 {[%emt 0:02:14]} 22. g4 {[%emt 0:09:41]} Qxe5 {[%emt 0:03:01]} 23. Rxe5 {[%emt 0:00:03]} e6 {[%emt 0:01:10]} 24. g5 {[%emt 0:00:25]} Nh5 {[%emt 0:00:28]} 25. Ne4 {[%emt 0:00:32]} Red8 {[%emt 0:01:34]} 26. Nd6 {[%emt 0:06:39]} Rc7 {[%emt 0:03:48]} 27. Re4 {[%emt 0:00:08]} Rcd7 {[%emt 0:02:49]} 28. Red4 {[%emt 0:00:04]} Kc7 {[%emt 0:03:19]} 29. Rc4+ {[%emt 0:00:12]} Kb8 {[%emt 0:01:11]} 30. Rcd4 {[%emt 0:00:04]} Kc7 {[%emt 0:01:06]} 31. Rc4+ {[%emt 0:00:29]} Kb8 {[%emt 0:00:05]} 1/2-1/2

[Event "POL-chT 2 Liga 2019"]
[Site "Poronin"]
[Date "2019.09.11"]
[Round "5.2"]
[White "Kozak, Antoni"]
[Black "Pacan-Milej, Kosma"]
[Result "1/2-1/2"]
[WhiteElo "2341"]
[BlackElo "2287"]
[Annotator "TA"]
[PlyCount "39"]
[EventDate "2019.09.07"]
[EventType "team-tourn"]
[EventCountry "POL"]
[SourceTitle "playchess.com"]
[Source "ChessBase"]
[SourceQuality "1"]

{[%evp 9,39,-11,-11,-20,-27,-19,-8,-14,-8,-29,-34,-79,-33,-37,-34,-44,-24,-29,-31,-36,-34,-35,-18,-29,-15,-35,-21,-48,-23,-43,0,0]} 1. d4 Nf6 2. Bg5 d5 3. Bxf6 exf6 4. e3 Bd6 5. g3 c6 6. Bg2 {D00: 1 d4 d5: Unusual lines} Nd7 {[%cal Bb8d7,Bd7f6,Bf6e4,Be4d2][%mdl 32]} 7. Ne2 f5 8. Nd2 Nf6 9. b3 (9. c4 dxc4 10. Nxc4 Bc7 11. Qc2 Be6 12. a3 O-O 13. O-O {1-0 (40) Duda,J (2729)-Mamedyarov,S (2765) Paris 2019}) 9... Ne4 10. f3 $146 ({Predecessor:} 10. c3 h5 11. h4 g6 12. Qc2 O-O 13. Nf4 {½-½ (41) Burnett,J (2096)-Mason,D (2137) England 2017}) 10... Nxd2 (10... Nf6 {looks sharper.} 11. Kf2 O-O 12. Re1 Re8 13. c4 g5) 11. Qxd2 O-O 12. Kf2 Be6 13. Rhc1 Ba3 14. Rd1 a5 15. Nf4 Qe7 16. Qe2 b5 17. Nd3 Rfe8 18. f4 g6 19. c3 f6 20. Qd2 {Accuracy: White = 30%, Black = 29%.} 1/2-1/2

[Event "POL-chT 2 Liga 2019"]
[Site "Poronin"]
[Date "2019.09.11"]
[Round "5.3"]
[White "Licznerski, Lukasz"]
[Black "Mis, Mieszko"]
[Result "1/2-1/2"]
[WhiteElo "2356"]
[BlackElo "2320"]
[Annotator "NA"]
[PlyCount "70"]
[EventDate "2019.09.07"]
[EventType "team-tourn"]
[EventCountry "POL"]
[SourceTitle "playchess.com"]
[Source "ChessBase"]
[SourceQuality "1"]
[TimeControl "40/5400+30:1800+30"]

1. e4 {[%emt 0:03:23]} c5 {[%emt 0:00:00]} 2. Nf3 {[%emt 0:00:51]} e6 {[%emt 0:00:01]} 3. c3 {[%emt 0:01:42]} d5 {[%emt 0:02:37]} 4. e5 {[%emt 0:00:58]} d4 {[%emt 0:08:30]} 5. Bd3 {[%emt 0:00:27]} Nc6 {[%emt 0:01:28]} 6. O-O {[%emt 0:00:54]} Nge7 {[%emt 0:03:42]} 7. Be4 {[%emt 0:06:48]} Qc7 {[%emt 0:10:42]} 8. Re1 {[%emt 0:01:32]} Ng6 {[%emt 0:03:24]} 9. Bxc6+ {[%emt 0:11:44]} bxc6 {[%emt 0:10:18]} 10. cxd4 {[%emt 0:03:17]} cxd4 {[%emt 0:00:33]} 11. Qa4 {[%emt 0:00:02]} Bc5 {[%emt 0:07:42]} 12. b3 {[%emt 0:14:29]} O-O {[%emt 0:05:42]} 13. Ba3 {[%emt 0:03:31]} Bxa3 {[%emt 0:02:28]} 14. Nxa3 {[%emt 0:00:02]} c5 {[%emt 0:01:26]} 15. Nb5 {[%emt 0:05:04]} Qb6 {[%emt 0:01:35]} 16. Nd6 {[%emt 0:00:29]} Nxe5 {[%emt 0:02:06]} 17. Rxe5 {[%emt 0:00:17]} Qxd6 {[%emt 0:00:07]} 18. Qc4 {[%emt 0:00:36]} Bb7 {[%emt 0:06:22]} 19. Qxc5 {[%emt 0:04:15]} Qd7 {[%emt 0:02:26]} 20. Qxd4 {[%emt 0:02:17]} Qxd4 {[%emt 0:00:29]} 21. Nxd4 {[%emt 0:00:03]} Rad8 {[%emt 0:00:51]} 22. Nf3 {[%emt 0:00:43]} Bxf3 {[%emt 0:01:09]} 23. gxf3 {[%emt 0:00:02]} Rxd2 {[%emt 0:00:05]} 24. Ra5 {[%emt 0:00:14]} Rd7 {[%emt 0:07:51]} 25. Rc1 {[%emt 0:00:02]} g6 {[%emt 0:02:27]} 26. Rc4 {[%emt 0:12:58]} Rb8 {[%emt 0:00:39]} 27. Kf1 {[%emt 0:03:24]} Rb6 {[%emt 0:02:55]} 28. Rca4 {[%emt 0:00:21]} Rbb7 {[%emt 0:00:34]} 29. Rc5 {[%emt 0:14:11]} Rd2 {[%emt 0:04:17]} 30. Kg2 {[%emt 0:07:48]} Rbd7 {[%emt 0:03:48]} 31. Rc1 {[%emt 0:01:01]} Rb2 {[%emt 0:03:28]} 32. Rf1 {[%emt 0:00:01]} Rdd2 {[%emt 0:03:26]} 33. Rxa7 {[%emt 0:00:18]} Rxa2 {[%emt 0:00:04]} 34. Rxa2 {[%emt 0:00:45]} Rxa2 {[%emt 0:00:02]} 35. Rb1 {[%emt 0:01:03]} Ra5 {[%emt 0:01:09]} 1/2-1/2

[Event "POL-chT 2 Liga 2019"]
[Site "Poronin"]
[Date "2019.09.11"]
[Round "5.4"]
[White "Szpar, Milosz"]
[Black "Punin, Andrii"]
[Result "1/2-1/2"]
[WhiteElo "2309"]
[BlackElo "2325"]
[Annotator "NA"]
[PlyCount "68"]
[EventDate "2019.09.07"]
[EventType "team-tourn"]
[EventCountry "POL"]
[SourceTitle "playchess.com"]
[Source "ChessBase"]
[SourceQuality "1"]
[TimeControl "40/5400+30:1800+30"]

1. e4 {[%emt 0:00:00]} d5 {[%emt 0:00:00]} 2. exd5 {[%emt 0:00:00]} Qxd5 {[%emt 0:00:00]} 3. Nc3 {[%emt 0:00:05]} Qd8 {[%emt 0:00:00]} 4. d4 {[%emt 0:00:36]} Nf6 {[%emt 0:00:00]} 5. Nf3 {[%emt 0:02:03]} Bg4 {[%emt 0:00:09]} 6. h3 {[%emt 0:03:37]} Bxf3 {[%emt 0:00:07]} 7. Qxf3 {[%emt 0:00:04]} c6 {[%emt 0:00:11]} 8. Be3 {[%emt 0:02:25]} e6 {[%emt 0:00:08]} 9. Ne4 {[%emt 0:02:05]} Nxe4 {[%emt 0:01:05]} 10. Qxe4 {[%emt 0:00:10]} Qd5 {[%emt 0:03:12]} 11. Bd3 {[%emt 0:02:47]} Qxe4 {[%emt 0:00:32]} 12. Bxe4 {[%emt 0:00:05]} Nd7 {[%emt 0:00:13]} 13. c4 {[%emt 0:04:29]} Nf6 {[%emt 0:03:24]} 14. Bf3 {[%emt 0:01:03]} Bb4+ {[%emt 0:05:19]} 15. Ke2 {[%emt 0:02:34]} O-O-O {[%emt 0:02:51]} 16. Rhd1 {[%emt 0:04:08]} a6 {[%emt 0:05:41]} 17. Rd3 {[%emt 0:02:20]} Bd6 {[%emt 0:02:09]} 18. b4 {[%emt 0:10:01]} e5 {[%emt 0:02:52]} 19. dxe5 {[%emt 0:01:18]} Bxe5 {[%emt 0:01:39]} 20. Rb1 {[%emt 0:06:28]} Rxd3 {[%emt 0:00:14]} 21. Kxd3 {[%emt 0:00:04]} Rd8+ {[%emt 0:00:20]} 22. Ke2 {[%emt 0:02:08]} Bd4 {[%emt 0:00:28]} 23. Bf4 {[%emt 0:03:44]} Be5 {[%emt 0:02:44]} 24. Be3 {[%emt 0:07:03]} Bd4 {[%emt 0:00:24]} 25. Bf4 {[%emt 0:04:03]} Be5 {[%emt 0:00:11]} 26. Bd2 {[%emt 0:09:59]} Rd4 {[%emt 0:04:11]} 27. b5 {[%emt 0:03:13]} axb5 {[%emt 0:02:58]} 28. cxb5 {[%emt 0:00:18]} Ra4 {[%emt 0:00:10]} 29. bxc6 {[%emt 0:01:30]} bxc6 {[%emt 0:01:47]} 30. Bxc6 {[%emt 0:02:20]} Rxa2 {[%emt 0:01:06]} 31. Kd3 {[%emt 0:01:09]} Ra3+ {[%emt 0:00:27]} 32. Kc4 {[%emt 0:00:56]} Ra2 {[%emt 0:01:09]} 33. Kd3 {[%emt 0:01:57]} Ra3+ {[%emt 0:00:09]} 34. Kc4 {[%emt 0:01:58]} Ra2 {[%emt 0:00:10] Kd4} 1/2-1/2

[Event "POL-chT 2 Liga 2019"]
[Site "Poronin"]
[Date "2019.09.11"]
[Round "5.5"]
[White "Kowalczyk, Pawel"]
[Black "Mika, Tomasz"]
[Result "1-0"]
[WhiteElo "2294"]
[BlackElo "2136"]
[Annotator "NA"]
[PlyCount "83"]
[EventDate "2019.09.07"]
[EventType "team-tourn"]
[EventCountry "POL"]
[SourceTitle "playchess.com"]
[Source "ChessBase"]
[SourceQuality "1"]
[TimeControl "40/5400+30:1800+30"]

1. d4 {[%emt 0:00:45]} Nf6 {[%emt 0:00:15]} 2. c4 {[%emt 0:00:06]} d5 {[%emt 0:00:17]} 3. cxd5 {[%emt 0:00:05]} Nxd5 {[%emt 0:00:43]} 4. e4 {[%emt 0:00:10]} Nb6 {[%emt 0:01:14]} 5. Nc3 {[%emt 0:00:16]} g6 {[%emt 0:01:08]} 6. Nf3 {[%emt 0:08:37]} Bg7 {[%emt 0:01:01]} 7. Be3 {[%emt 0:01:28]} Bg4 {[%emt 0:05:22]} 8. h3 {[%emt 0:00:18]} Bxf3 {[%emt 0:00:26]} 9. gxf3 {[%emt 0:00:02]} O-O {[%emt 0:04:53]} 10. Be2 {[%emt 0:05:42]} e6 {[%emt 0:10:49]} 11. h4 {[%emt 0:00:01]} Nc6 {[%emt 0:01:49]} 12. e5 {[%emt 0:00:08]} Qd7 {[%emt 0:12:23]} 13. Qd2 {[%emt 0:02:03]} Rad8 {[%emt 0:01:41]} 14. Rd1 {[%emt 0:00:37]} Qe7 {[%emt 0:03:52]} 15. Qc1 {[%emt 0:03:25]} f6 {[%emt 0:03:51]} 16. f4 {[%emt 0:00:05]} f5 {[%emt 0:01:34]} 17. h5 {[%emt 0:01:53]} Qb4 {[%emt 0:05:29]} 18. a3 {[%emt 0:01:06]} Qb3 {[%emt 0:01:32]} 19. Rh2 {[%emt 0:18:05]} Nc4 {[%emt 0:07:11]} 20. Nb1 {[%emt 0:00:47]} Nb6 {[%emt 0:08:01]} 21. Nd2 {[%emt 0:00:08]} Qd5 {[%emt 0:00:48]} 22. Nf3 {[%emt 0:00:20]} Rd7 {[%emt 0:03:57]} 23. h6 {[%emt 0:03:40]} Bh8 {[%emt 0:00:36]} 24. Ng5 {[%emt 0:02:14]} Nd8 {[%emt 0:06:34]} 25. Bf3 {[%emt 0:10:37]} Qb3 {[%emt 0:01:50]} 26. Qc3 {[%emt 0:00:24]} Qb5 {[%emt 0:01:54]} 27. b3 {[%emt 0:01:05]} Nd5 {[%emt 0:01:22]} 28. Qc4 {[%emt 0:00:26]} Qa5+ {[%emt 0:00:51]} 29. Bd2 {[%emt 0:01:26]} Qxa3 {[%emt 0:01:28]} 30. Nxe6 {[%emt 0:06:33]} Nb6 {[%emt 0:00:44]} 31. Nxf8+ {[%emt 0:00:02]} Nxc4 {[%emt 0:00:33]} 32. Nxd7 {[%emt 0:00:03]} c6 {[%emt 0:03:08]} 33. Rh3 {[%emt 0:06:44]} Nb2 {[%emt 0:01:58]} 34. Be2 {[%emt 0:00:28]} Qe7 {[%emt 0:00:45]} 35. Rb1 {[%emt 0:05:45]} Qxd7 {[%emt 0:00:53]} 36. Rxb2 {[%emt 0:00:01]} b5 {[%emt 0:02:16]} 37. Rd3 {[%emt 0:01:59]} Ne6 {[%emt 0:00:59]} 38. d5 {[%emt 0:02:29]} cxd5 {[%emt 0:00:43]} 39. Bf3 {[%emt 0:00:08]} d4 {[%emt 0:00:57]} 40. Rc2 {[%emt 0:00:00]} a6 {[%emt 0:00:00]} 41. Rc6 {[%emt 0:00:17]} g5 {[%emt 0:12:46]} 42. Rd6 {[%emt 0:00:17]} 1-0